00277nam a2200121Ia 45000030006000000080041000060400015000471000026000622450029000882600009001175460012001260050017001380STCL150530s9999 xx 000 0 und d aSTCLcSTCL aRamachandran Nair, N. aGlimpses of Modern Prose c2005 aEnglish20220125171132.0